Ứng xử với rừng trong văn hóa truyền thống của người Thái ở Điện Biên
Vài nét khái quát về vai trò của rừng trong đời sống của người Thái. Trình bày các tri thức dân gian liên quan đến săn bắt thú rừng, chim chóc, hái lượm rau, củ, quả và các loại côn trùng trong rừng; một số tri thức dân gian (khác) khi vào rừng và vấn đề rừng với các tri thức liên quan đến việc làm...
Tallennettuna:
| Päätekijä: | |
|---|---|
| Muut tekijät: | , |
| Aineistotyyppi: | Kirja |
| Kieli: | Vietnamese |
| Julkaistu: |
H.
Khoa học xã hội
2015
|
| Aiheet: | |
| Tagit: |
Lisää tagi
Ei tageja, Lisää ensimmäinen tagi!
|
| Thư viện lưu trữ: | Mạng thư viện Đại học Đà Nẵng |
|---|
| LEADER | 02201aam a22004578a 4500 | ||
|---|---|---|---|
| 001 | 000023567 | ||
| 003 | 20020 | ||
| 005 | 20160107090126.0 | ||
| 008 | 160107s2015 viesd | ||
| 020 | |d 2000b | ||
| 041 | 0 | |a vie | |
| 082 | 0 | 4 | |2 23 |a 398.309597177 |b ĐĂ-O |
| 100 | 1 | |a Đặng Thị Oanh | |
| 245 | 1 | 0 | |a Ứng xử với rừng trong văn hóa truyền thống của người Thái ở Điện Biên |c Đặng Thị Oanh, Đặng Thị Ngọc Lan, Nguyễn Văn Thuỷ |
| 260 | |a H. |b Khoa học xã hội |c 2015 | ||
| 300 | |a 342 tr. |b sơ đồ, ảnh |c 21 cm, | ||
| 500 | |a ĐTTS ghi: Hội Văn nghệ dân gian Việt Nam | ||
| 504 | |a Phụ lục: tr. 303-327. - Thư mục: tr. 329-332 | ||
| 520 | |a Vài nét khái quát về vai trò của rừng trong đời sống của người Thái. Trình bày các tri thức dân gian liên quan đến săn bắt thú rừng, chim chóc, hái lượm rau, củ, quả và các loại côn trùng trong rừng; một số tri thức dân gian (khác) khi vào rừng và vấn đề rừng với các tri thức liên quan đến việc làm nương rẫy và chăn nuôi trâu trên rừng; tín ngưỡng về rừng của người Thái; rừng với tri thức liên quan tới các phong tục tập quán vòng đời của người Thái | ||
| 610 | |2 7 | ||
| 650 | 0 | 4 | |a Văn hóa truyền thống |x Người Thái |z Điện Biên |
| 650 | 0 | 4 | |a Rừng |
| 650 | 7 | |2 Bộ TK TVQG | |
| 650 | 7 | |2 Bộ TK TVQG | |
| 650 | 7 | |2 Bộ TK TVQG | |
| 651 | 7 | |2 Bộ TK TVQG |a Điện Biên | |
| 653 | |a Rừng | ||
| 653 | |a Người Thái | ||
| 653 | |a Văn hóa truyền thóng | ||
| 700 | 1 | |a Đặng Thị Ngọc Lan | |
| 700 | 1 | |a Nguyễn Văn Thuỷ | |
| OWN | |a LSP | ||
| AVA | |a UDN50 |b LSP |d 398.309597177 ĐĂ-O |e available |t Error 5001 Not defined in file expand_doc_bib_avail. |f 1 |g 0 |h N |i 0 |k 1 | ||
| 999 | |a From the UDN01 | ||
| AVA | |a UDN50 |b LSP |d 398.309597177 ĐĂ-O |e available |t Error 5001 Not defined in file expand_doc_bib_avail. |f 1 |g 0 |h N |i 0 |k 1 | ||
| TYP | |a Monograph | ||
| TYP | |a Printed language | ||
| 980 | |a Mạng thư viện Đại học Đà Nẵng | ||